Word Ladder: Drake Songs That Charted Quiz Stats

Quiz Updated Nov 10, 2017

Challenge
Share
Tweet
Embed
Score 0/20 Timer 02:00
0 Plays Today
Clue 4-Letter Word % Correct
Close a door forcefullySLAM
94.8%
Place to bake a cakeOVEN
93.7%
ViewedSEEN
93.5%
Actor Connery or Bean, e.g.SEAN
93%
Bambi, e.g.DEER
92.6%
Action of hand upon cheekSLAP
92.3%
Where fabric pieces meetSEAM
91.7%
Move a wingFLAP
91.2%
DecelerateSLOW
91.2%
Movie failureFLOP
91.1%
Clue 4-Letter Word % Correct
Pig foodSLOP
90.7%
Reindeer in 'Frozen'SVEN
89.2%
♪ Shine in darkness ♪ ♪ GLOW ♪
85.4%
♪ Be scared of ♪ ♪ FEAR ♪
85.3%
Shakespeare's tragedy: 'King ___'LEAR
85.3%
Stare at sexuallyLEER
85.1%
♪ Completed ♪ ♪ OVER ♪
85.1%
One who tints fabricDYER
80.6%
Yesterday, in SpanishAYER
63.4%
Declare positivelyAVER
60.4%

Today's Daily Dose

Missing Word
1998 A-Z Movies

Word Ladder
5 Vowel Sounds

Quick Pick
Legal Terms

On This Day
June 25th II

You're not logged in!

Compare scores with friends on all Sporcle quizzes.
Join for Free
OR
Log In

You Might Also Like...

Show Comments

Extras

Top Quizzes Today


Score Distribution

Your Account Isn't Verified!

In order to create a playlist on Sporcle, you need to verify the email address you used during registration. Go to your Sporcle Settings to finish the process.

Report this User

Report this user for behavior that violates our Community Guidelines.

Details: